000 00621nam a2200193Ia 4500
008 140321s9999 xx 000 0 und d
020 _a9781444119909
050 _aRT 81.5
_b.L541 2012
100 _aLe May, Andraee
245 _aIntroduction to nursing research :
_bdeveloping research awareness /
_cAndraee le May and Susan Holmes.
260 _aLondon :
_bHodder Arnold,
_cc2012.
300 _a149 p. :
_c24 cm.
500 _aIncludes bibliographical references and index.
521 _aNUR
650 _aNursing
_xResearch --Methodology.
650 _aNursing
_xResearch.
942 _kFOR
_cBK
999 _c48528
_d48528